Παραμετρική εκτίμηση κατά bayes στοχαστικών δυναμικών συστημάτων σε διακριτό χρόνο : μεταπτυχιακή εργασία

Σκοπός αυτής της διπλωματικής εργασίας είναι η παρουσίαση βασικών στοιχείων της Bayesian και της εργοδικής θεωρίας και η εφαρμογή τους για την παραμετρική εκτίμηση σε στοχαστικά δυναμικά συστήματα διακριτού χρόνου. Η προσέγγιση γίνεται θεωρητικά και με εφαρμογή μέσω προσομοίωσης στο στατιστικό πακέτ...

Πλήρης περιγραφή

Αποθηκεύτηκε σε:
Λεπτομέρειες βιβλιογραφικής εγγραφής
Κύριος συγγραφέας: Καλούδης, Κωνσταντίνος
Συγγραφή απο Οργανισμό/Αρχή: Πανεπιστήμιο Αιγαίου. Σχολή Θετικών Επιστημών. Τμήμα Στατιστικής και Αναλογιστικών-Χρηματοοικονομικών Μαθηματικών. Μεταπτυχιακό Πρόγραμμα Στατιστική και Αναλογιστικά - Χρηματοοικονομικά Μαθηματικά
Μορφή: Thesis Βιβλίο
Γλώσσα:Greek
Δημοσίευση: 2014.
Θέματα:
Διαθέσιμο Online:http://hdl.handle.net/11610/15616
Ετικέτες: Προσθήκη ετικέτας
Δεν υπάρχουν, Καταχωρήστε ετικέτα πρώτοι!

MARC

LEADER 00000cam a2200000 a 4500
001 1/109404
008 151124s2014####gr | ||| |||| ||gre||
040 |a GR-MyUa  |b gre  |c GR-MyUa  |e AACR2 
041 0 |a gre 
082 7 |a 519.544   |2 (23)  
100 1 |a Καλούδης, Κωνσταντίνος. 
245 1 0 |a  Παραμετρική εκτίμηση κατά bayes στοχαστικών δυναμικών συστημάτων σε διακριτό χρόνο :   |b μεταπτυχιακή εργασία /   |c Κωνσταντίνος Καλούδης ; επιβλέπων καθηγητής Σπυρίδων Χατζησπύρος.  
260 |c 2014.  
300 |a 65 σ. :   |b διάγρ. ;   |c 30 εκ.  
500 |a Μέλη της εξεταστικής επιτροπής: Σπυρίδων Χατζησπύρος, Ιωάννης Τσιμήκας, Στυλιανός Ζήμερας.  
502 |a Διατριβή (μεταπτυχιακή) - Πανεπιστήμιο Αιγαίου, Σάμος, 2014.  
504 |a Βιβλιογραφία: σ. 57.  
506 0 |a Διάθεση πλήρους κειμένου - Ελεύθερη πρόσβαση.   |b   
520 8 |a Σκοπός αυτής της διπλωματικής εργασίας είναι η παρουσίαση βασικών στοιχείων της Bayesian και της εργοδικής θεωρίας και η εφαρμογή τους για την παραμετρική εκτίμηση σε στοχαστικά δυναμικά συστήματα διακριτού χρόνου. Η προσέγγιση γίνεται θεωρητικά και με εφαρμογή μέσω προσομοίωσης στο στατιστικό πακέτο R.Στο πρώτο κεφάλαιο θα ασχοληθούμε με εισαγωγικές έννοιες τις Bayesian στατιστικής, το Θεώρημα Bayes, θα ορίσουμε την ανταλλαξιμότητα και θα γίνει αναφορά στον εκ των υστέρων κίνδυνο, τη διαδοχική ανάλυση και τη διαδικασία προβλεψης.Στο δεύτερο κεφάλαιο ασχολούμαστε με τεχνικές στατιστικής προσομοίωσης, αφού συζητηθεί η αναγκαιότητα τους. Δίνονται χρήσιμοι ορισμοί σχετικά με τις μαρκοβιανές αλυσίδες (markov chains), τις τεχνικές MCMC (Markov Chain Monte Carlo) και αναλύονται οι αλγόριθμοι Metropolis-Hastings και του δειγματολήπτη Gibbs (Gibbs Sampler). Γίνεται προσομοίωση σε normal μοντέλο δειγματοληψίας με άγνωστο μέσο και απόκριση, κάνοντας χρήση Gibbs Sampling.Στο τρίτο κεφάλαιο παρουσιάζονται έννοιες της εργοδικής θεωρίας, γίνεται αναφορά στη χρήση αναλλοίωτων μέτρων, στο εργοδικό θεώρημα (Birkhoff) και στις συνέπειες αυτού.το τέταρτο κεφάλαιο γίνεται εισαγωγή στα αυτοπαλίνδρομα μοντέλα. Παρακάτω γίνεται παραμετρική εκτίμηση σε αυτοπαλίνδρομα μοντέλα πρώτης και δεύτερης τάξης (AR(1) και AR(2)). Γίνεται χρήση της R για την προσομοίωση του AR(1) μοντέλου και την εκτίμηση των παραμέτρων του.Στο πέμπτο κεφάλαιο, τέλος, ασχολούμαστε με την εκτίμηση σε μη γραμμικά δυναμικά συστήματα. Γίνεται εισαγωγή στη λογιστική απεικόνιση (logistic map) και την απεικόνιση Henon (Henon map), καθώς και θεωρητική εκτίμηση. Ακολουθεί προσομοίωση του logistic map κάνοντας χρήση R.  
650 0 |a Parameter estimation. 
650 0 |a Bayesian statistical decision theory. 
650 0 |a Sampling (Statistics) 
650 0 |a Dissertations, Academic  |z Greece. 
700 1 |a Χατζησπύρος, Σπυρίδων,  |e dgs 
710 2 |a Πανεπιστήμιο Αιγαίου.   |b Σχολή Θετικών Επιστημών.   |b Τμήμα Στατιστικής και Αναλογιστικών-Χρηματοοικονομικών Μαθηματικών.   |b Μεταπτυχιακό Πρόγραμμα Στατιστική και Αναλογιστικά - Χρηματοοικονομικά Μαθηματικά. 
852 |a INST  |b SAMOS  |c DIATR  |e 20151124  |h 519.544 ΚΑΛ  |p 005300042650  |q 005300042650  |t MTXE  |y 23 
852 |a INST  |b SAMOS  |c DIATR  |e 20151124  |h 519.544 ΚΑΛ  |p 005300042651  |q 005300042651  |t MTXE  |y 23 
856 |u http://hdl.handle.net/11610/15616 
924 |a Καλούδης  |b Κωνσταντίνος  |y Σάμος  |z 2014-10 
970 |a Κοσιέρης  |b Χρήστος  |z 24-11-2015